000 00656cam7a220020500 4500
001 tmp15736985
003 UPRA
005 20190830110036.0
008 951017s1915 po por u
035 _a(Sirsi) r69374
035 _a(UPRA)tmp15736985
040 _cUPRA
100 1 _aSardinha, Antonio, 1888-1925.
_dSardinha, Antonio, 1888-1925.
_6A30527.1
245 1 2 _aO valor da raca :
_bintroduc~ao a uma campanha nacional.
260 _aLisboa :
_bAlmeida Miranda [&] Sousa,
_c1915.
504 _aIncludes bibliographical references.
650 0 _aRace relations.
_6S22134.1
949 _aHT1521
_wlcc
_i-93871
_mMAIN
_tBOOK
_lON-SHELF
004 69374
999 _c187773
_d187773